000
00284nam a2200133Ia 4500
100
_a
Kuo/B.C
942
_c
BK
654
_a
automatic
245
_a
Automatic control system
260
_b
prentice hall
_a
New Delhi
_c
1987
082
_a
629.8
_b
KUO
300
_a
720
546
_a
ENGLISH
999
_c
30831
_d
30831